000 00281 a2200121 4500
001 147049
040 _cEscola São Tomás de Aquino
100 _aIACOCCA, Liliana
240 1 0 _aA coruja curiosa
_lpor
245 1 0 _aA coruja curiosa
697 _a*LITERATURA INFANTIL
942 _cBK
999 _c147049
_d147049